000 00405nam a22001577a 4500
003 OSt
005 20160804120157.0
008 160804b xxu||||| |||| 00| 0 eng d
020 _a0130196185
040 _cN/A
100 _aDonna .M. Gollnick at al
245 _aMulticultural education in a pluralistic society
250 _a6th ed
260 _aNew Jersey
_bPrentice -Hall
_c2002
942 _2lcc
_cBK
999 _c254942
_d254941